[Event "Florianopolis op 10th"]
[Site "Florianopolis"]
[Date "2024.01.23"]
[Round "5"]
[White "Dos Santos, Guilherme Fortes"]
[Black "Paz, Martin"]
[Result "0-1"]
[WhiteElo "1707"]
[BlackElo "1880"]
[PlyCount "82"]
[EventDate "2024.01.20"]
[EventType "swiss"]
[EventRounds "10"]
[EventCountry "BRA"]
[SourceTitle "CB05_2024"]
[SourceDate "2024.01.31"]
[SourceVersion "1"]
[SourceVersionDate "2024.01.31"]
[SourceQuality "1"]

1. d4 Nf6 2. Nf3 d5 3. c4 dxc4 4. Nc3 c5 5. d5 e6 6. e4 exd5 7. exd5 Bd6 8. Bxc4 0-0 9. 0-0 a6 10. a4 h6 11. h3 Bf5 12. Nh4 Bh7 13. Qf3 Nbd7 14. Bxh6 Ne5 15. Qg3 Ng6 16. Qg5 Bf4 17. Qxg6 Bxg6 18. Bxf4 Nxd5 19. Nxd5 Qxh4 20. g3 Qxh3 21. Ne7+ Kh7 22. Rfe1 Rfe8 23. Re5 f6 24. Re3 Qd7 25. Rae1 b5 26. Kg2 Rxe7 27. Rh1+ Bh5 28. Rxh5+ Kg6 29. Rd5 bxc4 30. Rxd7 Rxd7 31. Rc3 Rb7 32. Rxc4 Rxb2 33. Rxc5 Rb4 34. a5 Rb5 35. Be3 Rxc5 36. Bxc5 Rc8 37. Bb6 Kf5 38. Kf3 Rc3+ 39. Ke2 Ke4 40. Bd8 Rc2+ 41. Ke1 Kf3 0-1

[Event "Florianopolis op 10th"]
[Site "Florianopolis"]
[Date "2024.01.20"]
[Round "1"]
[White "De Carvalho, Amauri"]
[Black "Paz, Martin"]
[Result "0-1"]
[WhiteElo "1238"]
[BlackElo "1880"]
[PlyCount "64"]
[EventDate "2024.01.20"]
[EventType "swiss"]
[EventRounds "10"]
[EventCountry "BRA"]
[SourceTitle "CB05_2024"]
[SourceDate "2024.01.31"]
[SourceVersion "1"]
[SourceVersionDate "2024.01.31"]
[SourceQuality "1"]

1. Nf3 Nf6 2. d4 d5 3. Nbd2 Bf5 4. e3 e6 5. Bb5+ c6 6. Be2 Bd6 7. c4 Nbd7 8. a3 0-0 9. c5 Bc7 10. 0-0 e5 11. Nh4 Bg6 12. Nxg6 hxg6 13. b4 exd4 14. exd4 Re8 15. Nf3 Ne4 16. Bd2 Ndf6 17. Re1 Ng4 18. Rf1 Qe7 19. Bd3 Rad8 20. h3 Ngf6 21. Re1 Qd7 22. Qc1 Nh5 23. Ng5 Nxd2 24. Nxf7 Rxe1+ 25. Qxe1 Nf3+ 26. gxf3 Qxf7 27. Qb1 Nf4 28. h4 Qf6 29. Qd1 Qxh4 30. Qf1 Qg5+ 31. Kh1 Kf7 32. Bxg6+ Qxg6 0-1

[Event "ARG-chT ART Semillero U21"]
[Site "Villa Martelli"]
[Date "2018.06.24"]
[Round "5.2"]
[White "Coro, Lucas"]
[Black "Paz, Martin"]
[Result "1-0"]
[WhiteElo "2269"]
[BlackElo "1872"]
[PlyCount "67"]
[EventDate "2018.06.02"]
[EventType "team-swiss"]
[EventRounds "6"]
[EventCountry "ARG"]
[SourceTitle "EXT 2019"]
[Source "ChessBase"]
[SourceDate "2018.10.10"]
[SourceVersion "1"]
[SourceVersionDate "2018.10.10"]
[SourceQuality "1"]
[WhiteTeam "Boca Juniors U21"]
[BlackTeam "Ushuaia Jaque Mate U21"]
[WhiteTeamCountry "ARG"]
[BlackTeamCountry "ARG"]

1. e4 c5 2. Nf3 d6 3. d4 cxd4 4. Nxd4 Nf6 5. Nc3 a6 6. f4 Qc7 7. a4 e6 8. Bd3 Be7 9. 0-0 0-0 10. Kh1 Re8 11. Qe2 Nbd7 12. Bd2 Nc5 13. b4 Nxd3 14. cxd3 Qb6 15. Nf3 Bd7 16. a5 Qd8 17. Be3 Bc6 18. Rac1 Rc8 19. Qb2 Qd7 20. Qb3 h6 21. Nd4 e5 22. Nf5 Ng4 23. Bb6 Qe6 24. Qd1 Nf6 25. Qf3 Kh7 26. fxe5 dxe5 27. Bc5 Bxc5 28. bxc5 Nd7 29. Nd6 f6 30. Nd5 Bxd5 31. exd5 Qe7 32. Nxc8 Rxc8 33. c6 Nb8 34. Qe4+ 1-0